Представление документа в формате MARC21

ПолеНазваниеЗначение
  Тип записи a
  Библиографический уровень m
001 Контрольный номер RU\infra-m\znanium\bibl\2249334
005 Дата корректировки 20260429142123.3
008 Кодируемые данные 260401s2026 RU g rus u
020 Индекс ISBN __
a ISBN 978-5-16-020495-6
020 Индекс ISBN __
a ISBN 978-5-16-113144-2 (электр. издание)
040 Источник каталогиз. __
a Служба первич. каталог. Общество с ограниченной ответственностью «ЗНАНИУМ»
041 Код языка издания __
a Код языка текста rus
044 Код страны публикации __
a Код страны публикации RU
080 Индекс УДК __
a Индекс УДК 2-9
084 Индекс другой классификации/Индекс ББК __
2 Источник индекса rubbk
a Индекс другой классификации/Индекс ББК 86.29
084 Индекс другой классификации/Индекс ББК __
2 Источник индекса okso
a Индекс другой классификации/Индекс ББК 00.03.04
084 Индекс другой классификации/Индекс ББК __
2 Источник индекса okso
a Индекс другой классификации/Индекс ББК 00.03.11
084 Индекс другой классификации/Индекс ББК __
2 Источник индекса okso
a Индекс другой классификации/Индекс ББК 00.05.04
084 Индекс другой классификации/Индекс ББК __
2 Источник индекса okso
a Индекс другой классификации/Индекс ББК 00.05.11
084 Индекс другой классификации/Индекс ББК __
2 Источник индекса okso
a Индекс другой классификации/Индекс ББК 46.03.01
084 Индекс другой классификации/Индекс ББК __
2 Источник индекса okso
a Индекс другой классификации/Индекс ББК 47.03.01
084 Индекс другой классификации/Индекс ББК __
2 Источник индекса okso
a Индекс другой классификации/Индекс ББК 47.03.03
100 Автор __
a Автор Панищев А.Л.
q Полное имя Панищев Алексей Леонидович
u Дополнение Юго-Западный государственный университет
245 Заглавие __
a Заглавие История религий России
b Продолж. заглавия Научно-популярная литература
c Ответственность Юго-Западный государственный университет
250 Сведения об издании __
a Основные сведения об издании 1
260 Выходные данные __
a Место издания Москва
b Издательство ООО "Научно-издательский центр ИНФРА-М"
c Дата издания 2026
300 Физическое описание __
a Объем 175 с.
440 Серия __
a Серия Интересно знать
520 Аннотация __
a Аннотация Книга призвана объяснить цивилизационные мультикультурные этические основы России в религиозном измерении.
521 Примеч. о цел. назн. __
a Примеч. о целев. назн. Профессиональное образование
650 Тематические рубрики __
a Основная рубрика Религия. Теология
x Основная подрубрика Религии Древнего мира. История религий.
655 Указ. предметных рубрик (устаревшее) __
a Жанр/ форма (устаревшее) Научно-популярная литература
856 Электронный адрес документа 4_
a Имя сервера/домена znanium.ru
m Помощь ebs_support@infra-m.ru
n Местонахождение сервера НИЦ ИНФРА-М
u URL https://znanium.ru/catalog/document?id=480707
856 Электронный адрес документа 48
a Имя сервера/домена znanium.ru
d Путь /cover/2249
f Электронное имя 2249334.jpg
q Тип электронного формата image/jpeg
u URL https://znanium.ru/cover/2249/2249334.jpg
911 __
u 0030=https://znanium.ru/catalog/document?id=480707